000 00627nam a2200193 a 4500
001 000010149
005 20240412074215.0
008 091005s1978 dr 001 0 spa d
040 _aDO-SdBNP
_bspa
_cBNPHU
082 _aRD861.42
_bC744a
100 1 _aConcepción, J. Agustín
_922539
245 1 0 _aArpegios :
_bversos viejos y versos de viejo /
_cJ. Agustín Concepción.
260 _aLa Vega, República Dominicana :
_bCultural dominicana,
_c1978.
300 _a94 cm. ;
_c21 cm.
650 0 _aPoesía dominicana
_966
650 0 _aLiteratura dominicana.
_967
910 _aValidado. Control de calidad BNPHU
049 _aBNPD
999 _c9908
_d9908